Les livres saints et la critique rationaliste Histoire et refutation des objections des incredukles contre les saintes eoritures (Registro nro. 85921)

Detalles MARC
000 -ENCABEZADO
Número de control [NR] 00727nam a22001697a 4500
008 - DE LONGITUD FIJA DE DATOS DE ELEMENTOS - INFORMACIÓN GENERAL
Elementos de longitud fija [NR] 130821s1890 fr gr fre
040 ## - FUENTE DE CATALOGACION [NR]
Agencia de catalogación original [NR] Co-BoUCM
Idioma de catalogación [NR] spa
041 00 - CODIGO DE IDIOMA [R]
Código de idioma para texto/pista de sonido o título separado [R] Francés
100 ## - ASIENTO PRINCIPAL--NOMBRE PERSONAL [NR]
Nombre personal [NR] Vigouroux, Fulcran Grégoire
Fechas asociadas con el nombre [NR] 1837-1915
ID Autoridad 83683
245 00 - MENCION DE TITULO [NR]
Título [NR] Les livres saints et la critique rationaliste Histoire et refutation des objections des incredukles contre les saintes eoritures
Mención de responsabilidad, etc. [NR] F. Vigouruox ; avec des illustrations d'apres les monuments par M. Fabbé Douillard, architecte
250 ## - MENCION DE EDICION [NR]
Mención de edición [NR] 3a. edition
260 ## - PUBLICACION, DISTRIBUCION, ETC. (PIE DE IMPRENTA) [R]
Lugar de publicación, distribución, etc. [R] París (Francia)
Nombre del editor, distribuidor, etc. [R] A. Roger F. Chernoviz
Fecha de publicación, distribución, etc. [R] 1890
300 ## - DESCRIPCION FISICA [R]
Extensión [R] 4 volúmenes
500 ## - NOTA GENERAL [R]
Nota general [NR] Notas al pie del texto
942 ## - ELEMENTOS DE ENTRADA AGREGADOS (KOHA)
Tipo de ítem principal el descrito en 300a Libro
Tema principal Religión
Edición 3
Parte restante de la signatura top. V44
Título oculto en OPAC No
Sistema de clasificación DEWEY
Clasificación 220
Existencias
Signatura topográfica Código de barras Última vez visto Volúmen / Fascículo Ejemplar Price effective from Tipo de ítem Perdido Sistema de clasificación Dañado No prestable Tipo de ítem específico Suprimido Ubicación habitual Ubicación actual Localización Fecha de creación Forma de adquisición Costo
FCS 220 V44 120001393 09/07/2012 3A. ED. V.4 Ej.1 03/02/2013 Libro   DEWEY     Fondos especiales     Archivo Histórico Archivo histórico 28/02/2003 Donación 1000.00
FCS 220 V44 120001392 09/07/2012 3A. ED. V.3 Ej.1 03/02/2013 Libro   DEWEY     Fondos especiales     Archivo Histórico Archivo histórico 28/02/2003 Donación 1000.00
FCS 220 V44 120001391 09/07/2012 3A. ED. V.2 Ej.1 03/02/2013 Libro   DEWEY     Fondos especiales     Archivo Histórico Archivo histórico 28/02/2003 Donación 1000.00